000 00838nam a2200229Ia 4500
003 OSt
005 20200930124611.0
008 191128s1991 ck gr 000 0dspa d
040 _aCO-JMCR
_cCO-JMCR
041 0 _aspa
082 0 4 _a923.2861 /
_bG137g
_223
100 1 _aGómez Aristizábal, Horacio,
_eautor
_9619
245 1 0 _aJorge Eliecer Gaitán y las conquistas sociales en Colombia /
_cHoracio Gómez Aristizábal
260 _aBogotá :
_bUniversidad Central,
_c1991
300 _a223 páginas ;
_c21 cm.
500 _aIncluye datos biográficos del autor en solapa posterior.
504 _aBibliografía: páginas 217-223
600 1 _aGaitán, Jorge Eliécer,
_d1898-1948
_xcrítica e interpretación
_911013
650 1 4 _aInsurrección del 9 de abril de 1948
_9840
651 4 _aColombia
_xhistoria
_98795
942 _2ddc
_cBK
999 _c6242
_d6242